<?xml version="1.0" encoding="UTF-8"?>
<record
    xmlns:xsi="http://www.w3.org/2001/XMLSchema-instance"
    xsi:schemaLocation="http://www.loc.gov/MARC21/slim http://www.loc.gov/standards/marcxml/schema/MARC21slim.xsd"
    xmlns="http://www.loc.gov/MARC21/slim">

  <leader>01154nam a2200217Ia 4500</leader>
  <datafield tag="952" ind1=" " ind2=" ">
    <subfield code="0">0</subfield>
    <subfield code="1">0</subfield>
    <subfield code="4">0</subfield>
    <subfield code="7">0</subfield>
    <subfield code="a">23</subfield>
    <subfield code="b">23</subfield>
    <subfield code="d">2016-05-11</subfield>
    <subfield code="l">5</subfield>
    <subfield code="o">RA440 S359</subfield>
    <subfield code="p">23 000531</subfield>
    <subfield code="r">2019-01-15</subfield>
    <subfield code="s">2019-01-11</subfield>
    <subfield code="t">1</subfield>
    <subfield code="w">2016-05-11</subfield>
    <subfield code="y">LB</subfield>
  </datafield>
  <datafield tag="952" ind1=" " ind2=" ">
    <subfield code="0">0</subfield>
    <subfield code="1">0</subfield>
    <subfield code="4">0</subfield>
    <subfield code="7">0</subfield>
    <subfield code="a">23</subfield>
    <subfield code="b">23</subfield>
    <subfield code="d">2016-05-11</subfield>
    <subfield code="l">5</subfield>
    <subfield code="o">RA440 S359</subfield>
    <subfield code="p">23 000532</subfield>
    <subfield code="r">2024-09-03</subfield>
    <subfield code="s">2023-09-01</subfield>
    <subfield code="t">2</subfield>
    <subfield code="w">2016-05-11</subfield>
    <subfield code="y">LB</subfield>
  </datafield>
  <datafield tag="952" ind1=" " ind2=" ">
    <subfield code="0">0</subfield>
    <subfield code="1">0</subfield>
    <subfield code="4">0</subfield>
    <subfield code="7">0</subfield>
    <subfield code="a">23</subfield>
    <subfield code="b">23</subfield>
    <subfield code="d">2016-05-11</subfield>
    <subfield code="l">8</subfield>
    <subfield code="m">1</subfield>
    <subfield code="o">RA440 S359</subfield>
    <subfield code="p">23 000533</subfield>
    <subfield code="r">2025-03-11</subfield>
    <subfield code="s">2023-09-01</subfield>
    <subfield code="t">3</subfield>
    <subfield code="w">2016-05-11</subfield>
    <subfield code="y">LB</subfield>
  </datafield>
  <datafield tag="952" ind1=" " ind2=" ">
    <subfield code="0">0</subfield>
    <subfield code="1">0</subfield>
    <subfield code="4">0</subfield>
    <subfield code="7">0</subfield>
    <subfield code="a">23</subfield>
    <subfield code="b">23</subfield>
    <subfield code="d">2016-05-11</subfield>
    <subfield code="l">7</subfield>
    <subfield code="m">1</subfield>
    <subfield code="o">RA440 S359</subfield>
    <subfield code="p">23 000534</subfield>
    <subfield code="r">2024-01-12</subfield>
    <subfield code="s">2019-03-20</subfield>
    <subfield code="t">4</subfield>
    <subfield code="w">2016-05-11</subfield>
    <subfield code="y">LB</subfield>
  </datafield>
  <datafield tag="952" ind1=" " ind2=" ">
    <subfield code="0">0</subfield>
    <subfield code="1">0</subfield>
    <subfield code="4">0</subfield>
    <subfield code="7">0</subfield>
    <subfield code="a">23</subfield>
    <subfield code="b">23</subfield>
    <subfield code="d">2019-04-04</subfield>
    <subfield code="l">0</subfield>
    <subfield code="o">RA440 S359</subfield>
    <subfield code="p">23 002656</subfield>
    <subfield code="r">2019-04-04</subfield>
    <subfield code="t">5</subfield>
    <subfield code="w">2019-04-04</subfield>
    <subfield code="y">LB</subfield>
  </datafield>
  <datafield tag="952" ind1=" " ind2=" ">
    <subfield code="0">0</subfield>
    <subfield code="1">0</subfield>
    <subfield code="4">0</subfield>
    <subfield code="7">0</subfield>
    <subfield code="a">23</subfield>
    <subfield code="b">23</subfield>
    <subfield code="d">2019-04-04</subfield>
    <subfield code="l">1</subfield>
    <subfield code="o">RA440 S359</subfield>
    <subfield code="p">23 002657</subfield>
    <subfield code="r">2023-09-04</subfield>
    <subfield code="s">2023-09-01</subfield>
    <subfield code="t">6</subfield>
    <subfield code="w">2019-04-04</subfield>
    <subfield code="y">LB</subfield>
  </datafield>
  <datafield tag="999" ind1=" " ind2=" ">
    <subfield code="c">99637</subfield>
    <subfield code="d">99637</subfield>
  </datafield>
  <controlfield tag="008">120603s2013    mx a          000 0 spa d</controlfield>
  <datafield tag="020" ind1=" " ind2=" ">
    <subfield code="a">9786074483109</subfield>
  </datafield>
  <datafield tag="050" ind1=" " ind2="4">
    <subfield code="a">RA440</subfield>
    <subfield code="b">S359</subfield>
  </datafield>
  <datafield tag="100" ind1="1" ind2=" ">
    <subfield code="a">S&#xE1;nchez Tejeda, Jes&#xFA;s</subfield>
    <subfield code="d">autor</subfield>
  </datafield>
  <datafield tag="245" ind1="1" ind2="0">
    <subfield code="a">Educaci&#xF3;n para la salud</subfield>
    <subfield code="b">: una introducci&#xF3;n</subfield>
    <subfield code="c"> / Jes&#xFA;s S&#xE1;nchez Tejeda</subfield>
  </datafield>
  <datafield tag="260" ind1="3" ind2=" ">
    <subfield code="a">M&#xE9;xico</subfield>
    <subfield code="b">: Edere : Manual Moderno</subfield>
    <subfield code="c">, 2013</subfield>
  </datafield>
  <datafield tag="300" ind1=" " ind2=" ">
    <subfield code="a">319 p&#xE1;ginas</subfield>
    <subfield code="b">: ilustraciones</subfield>
  </datafield>
  <datafield tag="504" ind1=" " ind2=" ">
    <subfield code="a">Incluye lista de fuentes consultadas (pp. 315-317)</subfield>
  </datafield>
  <datafield tag="505" ind1="1" ind2=" ">
    <subfield code="a">Bases de anatom&#xED;a y fisiolog&#xED;a
La salud del individuo y de la comunidad
La salud en los diferentes grupos de edad
La salud y el desarrollo social</subfield>
  </datafield>
  <datafield tag="519" ind1=" " ind2=" ">
    <subfield code="a">Plan UNAM 4&#xB0; Semestre / </subfield>
    <subfield code="b">Enfermer&#xED;a /  </subfield>
    <subfield code="c">Educaci&#xF3;n para la salud (1412) / </subfield>
    <subfield code="d">(23 000531, 23 000532, 23 000533, 23 000534, 23 002656, 23 002657)</subfield>
  </datafield>
  <datafield tag="650" ind1="1" ind2="4">
    <subfield code="a">EDUCACI&#xD3;N SANITARIA</subfield>
  </datafield>
  <datafield tag="650" ind1=" " ind2=" ">
    <subfield code="a">CIENCIAS M&#xC9;DICAS</subfield>
    <subfield code="x">ESTUDIO Y ENSE&#xD1;ANZA (SUPERIOR)</subfield>
  </datafield>
  <datafield tag="942" ind1=" " ind2=" ">
    <subfield code="c">LB</subfield>
  </datafield>
</record>
